História kolumbijských povstaleckých skupín začiatkom 21. storočia
Začiatkom 21. storočia bola bezpečnostná situácia v Kolumbii pod vplyvom ľavicových guerrilových skupín FARC kritická. Krajina sa zmietala v trojitej občianskej vojne medzi guerrilami, pravicovými polovojenskými jednotkami (paramilitares) a vládnymi vojskami.
Na minha lista:
| Autor principal: | |
|---|---|
| Formato: | Capítulo de Livro |
| Idioma: | eslovaco |
| Assuntos: | |
| Tags: |
Sem tags, seja o primeiro a adicionar uma tag!
|
MARC
| LEADER | 00000nla$a2200000$$$4500 | ||
|---|---|---|---|
| 001 | 0136713 | ||
| 005 | 20240523073332.3 | ||
| 041 | 0 | |a slo | |
| 044 | |a SK | ||
| 245 | 1 | 0 | |a História kolumbijských povstaleckých skupín začiatkom 21. storočia |c Peter Reťkovský |
| 520 | |a Začiatkom 21. storočia bola bezpečnostná situácia v Kolumbii pod vplyvom ľavicových guerrilových skupín FARC kritická. Krajina sa zmietala v trojitej občianskej vojne medzi guerrilami, pravicovými polovojenskými jednotkami (paramilitares) a vládnymi vojskami. | ||
| 610 | 2 | 0 | |a Kolumbia |
| 610 | 2 | 0 | |a vojny |
| 610 | 2 | 0 | |a bezpečnosť |
| 100 | 1 | |a Reťkovský, Peter | |